000 00564nam a2200229Ia 4500
003 OSt
005 20221005123016.0
006 a|||||r|||| 00| 0
007 ta
008 221004b |||||||| |||| 00| 0 mal d
024 _a59093
037 _cTextual
040 _aCRL
_cCRL
_bmal
041 _2mal
_amal
082 _aV212.A, 32H0.1
100 _aKrishnapisharody
_9632987
245 0 _aKeralacharitram
260 _c1940
650 _aHISTORY
942 _hV212.A, 32H0.1
_cTEXL
_2cc
999 _c1046110
_d1046110